Which came first? - Statistics

General Stats
  • This quiz has been taken 55 times
  • The average score is 8 of 20
Answer Stats
Question Answer % Correct
The... Egg
67%
The invention of the... Microscope, or the...
67%
The... Plant
67%
The show... The Simpsons
67%
The first writings of... Arabic
50%
The religion... Buddhism, or...
50%
The American president... Grover Cleveland, or...
50%
The planet... Jupiter, or the...
50%
The extinction of the... Mastodon
50%
The release of... Toy Story, or...
50%
The... Triassic, or the...
50%
The domestication of the... Bee, or the...
33%
The continent... Gondwana, or...
33%
The launching of... Voyager 1
33%
The website... Wikipedia
33%
The founding of... South Korea
17%
The publishing of... The Communist Manifesto, or...
17%
The discovery of... Uranium
17%
The... Bird, or...
0%
The... Metric system, or the...
0%
No matching quizzes found
Score Distribution
Percent of People with Each Score
Percentile by Number Answered
Your Score History
You have not taken this quiz